luffys - Statistics

General Stats
  • This quiz has been taken 68 times
  • The average score is 9 of 10
Answer Stats
Hint Answer % Correct
captain luffy
100%
navigator nami
96%
swordsman roronoa zoro
94%
cook vinsmoke sanji
94%
doctor chopper
92%
musician brook
90%
archaeologist nico robin
90%
sniper usopp
90%
helmsman jinbe
88%
shipwright franky
84%
No matching quizzes found
Score Distribution
Percent of People with Each Score
Percentile by Number Answered
Your Score History
You have not taken this quiz